00265nam a2200109Ia 4500008004100000040001600041041001200057082001100069245002300080260004100103300001100144230917s9999||||xx |||||||||||||| ||und|| e52042aMAIN aEnglish aB E47E 0aEminent mussalmans aDelhibNeeraj Publishing Housec1981 a544 p.